| 000 | 00861nam a22002175i 4500 | ||
|---|---|---|---|
| 001 | 155662 | ||
| 003 | ES-MaACL | ||
| 005 | 20230906210148.0 | ||
| 008 | 941221s1825 fr |||| | fre d | ||
| 040 |
_aCLM _bspa |
||
| 100 | 1 |
_aHugo, Gustave. _9128082 |
|
| 245 | 1 | 0 |
_aHistoire du droit romain / _cpar Gustave Hugo... ; traduite de l'allemand sur la septième édition par Jourdan D.M.P. ; revue par F. Poncelet... |
| 260 |
_aParis : _bLibrairie de Jurisprudence et d'Administration d'Antoine Bavoux..., _c1825 ( _fDe l'Imprimerie de Rignoux...) |
||
| 300 |
_a2 v. (520 ; 392 p.) ; _c20 cm. |
||
| 500 | 1 | _aIndice de materias. | |
| 650 | 0 | 4 |
_aDerecho romano- _vHistoria. _911766 |
| 700 | 0 |
_aPoncelet, François Frédéric. _992958 |
|
| 700 | 1 |
_aJourdan, Antoine Jaques Louis. _9128369 |
|
| 852 |
_aES-MaACL _jB-6412-13 _z-- Enc. hol. |
||
| 999 |
_c155662 _d155662 |
||